| 000 | 00842nam a2200241 a 4500 | ||
|---|---|---|---|
| 001 | 000018654 | ||
| 003 | DO-SdBNP | ||
| 005 | 20250730150848.0 | ||
| 008 | 100512s1996 ec 000 0 spa d | ||
| 020 | _a9978500332 | ||
| 040 |
_aDO-SdBNP _bspa _cBNPHU |
||
| 082 |
_a390 _bM316v |
||
| 100 | 1 |
_aMarchena Fernández, Juan, _926198 |
|
| 245 | 1 | 3 |
_aLa vida social en las ciudades americanas de la ilustración / _cJuan Marchena Fernández ; edición de Jorge Núñez Sánchez. |
| 260 |
_aEcuador : _bUniversidad Estatal de Bolívar, _c1996. |
||
| 300 |
_a81, [4] p. ; _c15 cm. |
||
| 490 | 1 |
_aTodo es historia _v7 |
|
| 504 | _aIncluye referencias bibliográficas y notas al pie de las páginas. | ||
| 650 | 0 |
_aFolclore _933448 |
|
| 650 | 0 |
_aFiestas folclóricas _93246 |
|
| 700 | 1 |
_aNúñez Sánchez, Jorge, _eed. _913245 |
|
| 942 |
_2ddc _cLBS1 |
||
| 999 |
_c18174 _d18174 |
||